000 00398 a2200169 4500
001 70609
020 _a8508100027
040 _cAnchieta - Itaigara
100 _aFournier, Martine
240 1 0 _aConvivendo com meninas e meninos
_lpor
245 1 0 _aConvivendo com meninas e meninos
300 _a55
362 0 _a2005
440 1 _aÁtica
650 4 _aLiteratura infanto-juvenil
942 _cBK
999 _c70609
_d70609